Movies Quiz

Random Movies or Actor Quiz

'W' Movie Characters Quiz Stats

 Plays Quiz Updated Feb 1, 2014

     
Support Sporcle.
Go Orange.
Score 0/20 Timer 03:00
1 Play Today
picture name % Correct
Woody (Toy Story)
96.9%
Winnie the Pooh (Winnie the Pooh)
96.5%
Will Hunting (Good Will Hunting)
95.4%
Willy Wonka (Willy Wonka and the...)
95.2%
The Wicked Witch of the West (Wizard of Oz)
94.9%
Wolverine (X-Men series)
91.8%
Wall-E
91.4%
Wayne Campbell (Wayne's World)
82.5%
William Wallace (Braveheart)
81.7%
Wilson (Cast Away)
80.2%
picture name % Correct
Wendy Darling (Peter Pan)
78.6%
Wednesday Addams (Addams Family Values)
74.9%
Wolfgang Amadeus Mozart (Amadeus)
67.5%
Wilbur (Charlotte's Web)
62.5%
Wyatt Earp (Tombstone)
51.9%
Westley (Princess Bride)
43%
Walter Sobchak (The Big Lebowski)
42.4%
Wanda Gershwitz (A Fish Called Wanda)
40.9%
White Goodman (Dodgeball)
27.7%
Warren Schmidt (About Schmidt)
12.7%

From the Vault

Fictional Books

by Detektor

Is there anything more novel than a book within a book?
Remove Ads.
Support Sporcle.
Get the best of Sporcle when you Go Orange. This ad-free experience offers more features, more stats, and more fun while also helping to support Sporcle. Thank you for becoming a member.

Show Comments

Extras

Top Quizzes Today


Score Distribution

Your Account Isn't Verified!

In order to create a playlist on Sporcle, you need to verify the email address you used during registration. Go to your Sporcle Settings to finish the process.

Report this User

Report this user for behavior that violates our Community Guidelines.

Details: